Polskie derby w piłce nożnej - Statystyki

Ogólne statystyki
  • Ten quiz został rozwiązany 73 razy
  • Średni wynik to 10 z 15
Statystyki odpowiedzi
Hint Odpowiedź % Poprawnych
Wisła Cracovia
100%
Legia Polonia
100%
ŁKS Widzew
100%
Lech Warta
98%
Resovia Stal
86%
Lechia Arka
83%
Ruch Górnik
73%
Śląsk Zagłębie
64%
Elana Zawisza
64%
Raków Skra
56%
Broń Radomiak
55%
Tarnovia Unia
45%
Stomil Olimpia
32%
Zagłębie Sosonowiec Ruch
29%
Korona Kszo
27%
Nie znaleziono quizów pasujących do podanych kryteriów
Rozkład punktacji
Procent ludzi z każdym wynikiem
Percentyl według liczby udzielonych odpowiedzi
Twoja historia wyników
Nie rozwiązałeś tego quizu